000 00410nam a22001457a 4500
005 20250325035256.0
008 250325b |||||||| |||| 00| 0 eng d
082 _222
_a894
_bBAR
100 _aMani, P.s
245 _aBarathiyarum Tamil Pulavarkalum
260 _aChennai
_bPoonkodi Pathippagam
_c1981
300 _a212 p .,
500 _aBarathiyerin valaikai varlarum avarathu pannium patriya nool
942 _cL
999 _c6007
_d6007